Detalles MARC
| 000 -LEADER |
| fixed length control field |
01992nam a2200385 a 4500 |
| 001 - CONTROL NUMBER |
| control field |
|
| 003 - CONTROL NUMBER IDENTIFIER |
| control field |
OSt |
| 005 - DATE AND TIME OF LATEST TRANSACTION |
| control field |
20211020074539.0 |
| 008 - FIXED-LENGTH DATA ELEMENTS--GENERAL INFORMATION |
| fixed length control field |
090707s2020 dr c 001 0 spa d |
| 020 ## - INTERNATIONAL STANDARD BOOK NUMBER |
| International Standard Book Number |
9789945613391 |
| 040 ## - CATALOGING SOURCE |
| Original cataloging agency |
DO-SdBNP |
| Language of cataloging |
spa |
| Transcribing agency |
BPMSU |
| 049 ## - LOCAL HOLDINGS (OCLC) |
| Holding library |
|
| 082 #4 - DEWEY DECIMAL CLASSIFICATION NUMBER |
| Classification number |
972.93054 |
| Item number |
S942m 2020 |
| Edition number |
22 |
| 240 ## - UNIFORM TITLE |
| Uniform title |
<a href="The events of 1965 in the Dominican Republic. Documents from the United Kingdom´s National Archives">The events of 1965 in the Dominican Republic. Documents from the United Kingdom´s National Archives</a> |
| Language of a work |
Español |
| 245 10 - TITLE STATEMENT |
| Title |
Los sucesos 1965 : |
| Remainder of title |
en República Dominicana según los archivos ingleses : documentos de los archivos nacionales del Reino Unido / |
| Statement of responsibility, etc. |
presentación Steven Fisher ; traducción Lisa Marra; edición Kary Alba Rocha |
| 260 ## - PUBLICATION, DISTRIBUTION, ETC. (IMPRINT) |
| Place of publication, distribution, etc. |
Santo Domingo : |
| Name of publisher, distributor, etc. |
Archivo General de la Nación ; |
| -- |
Sociedad Dominicana de Bibliófilos, |
| Date of publication, distribution, etc. |
2020 |
| 300 ## - PHYSICAL DESCRIPTION |
| Extent |
434 p. ; |
| Dimensions |
23 cm. |
| 490 0# - SERIES STATEMENT |
| Series statement |
Archivo General de la Nación ; |
| -- |
Sociedad Dominicana de Bibliófilos, |
| Volume/sequential designation |
375/37 |
| 500 ## - GENERAL NOTE |
| General note |
Incluye referencias bibliográficas y notas al pie de las páginas |
| 500 ## - GENERAL NOTE |
| General note |
Incluye índice onomástico |
| 505 0# - FORMATTED CONTENTS NOTE |
| Formatted contents note |
Introducción a la primera edición en español / |
| Statement of responsibility |
Bernardo Vega |
| Title |
Prólogo I a la Presentación a la primera edición en inglés / |
| Statement of responsibility |
Steven Fischer |
| Title |
Prólogo II a la primera edición en inglés / |
| Statement of responsibility |
Chris Campbell |
| Title |
Documentos de los archivos nacionales del Reino Unido |
| 590 ## - LOCAL NOTE (RLIN) |
| Local note |
Inventariado, 2021/VM |
| 600 14 - SUBJECT ADDED ENTRY--PERSONAL NAME |
| Personal name |
Campbell, Stafford |
| Form subdivision |
Archivos |
| 651 #4 - SUBJECT ADDED ENTRY--GEOGRAPHIC NAME |
| Geographic name |
República Dominicana |
| General subdivision |
Historia |
| Chronological subdivision |
1965 |
| Form subdivision |
Fuentes |
| 651 #4 - SUBJECT ADDED ENTRY--GEOGRAPHIC NAME |
| Geographic name |
República Dominicana |
| General subdivision |
Política y gobierno |
| 651 #4 - SUBJECT ADDED ENTRY--GEOGRAPHIC NAME |
| Geographic name |
República Dominicana |
| General subdivision |
Historia |
| Chronological subdivision |
Ocupación Norteamericana 1965-1966 |
| Form subdivision |
|
| 700 ## - ADDED ENTRY--PERSONAL NAME |
| Personal name |
Fisher, Steven |
| Relator term |
presentación |
| 700 ## - ADDED ENTRY--PERSONAL NAME |
| Personal name |
Marra, Lisa |
| Relator term |
tr. |
| 700 ## - ADDED ENTRY--PERSONAL NAME |
| Personal name |
Rocha, Kary Alba |
| Relator term |
ed. |
| 710 ## - ADDED ENTRY--CORPORATE NAME |
| Corporate name or jurisdiction name as entry element |
Archivo General de la Nación (República Dominicana) |
| 710 2# - ADDED ENTRY--CORPORATE NAME |
| Corporate name or jurisdiction name as entry element |
Sociedad Dominicana de Bibliófilos |
| 830 ## - SERIES ADDED ENTRY--UNIFORM TITLE |
| Uniform title |
Archivo General de la Nación, |
| Number of part/section of a work |
375 |
| Name of part/section of a work |
Sociedad Dominicana de Bibliófilos |
| Number of part/section of a work |
37 |
| 910 ## - USER-OPTION DATA (OCLC) |
| User-option data |
VMateo V. |
| 942 ## - ADDED ENTRY ELEMENTS (KOHA) |
| Source of classification or shelving scheme |
Dewey Decimal Classification |
| Koha item type |
Libros |